Giáo trình đá cầu Giáo trình dùng cho sinh viên cao đẳng sư phạm chuyên ngành Giáo dục thể chất
Guardado en:
| Autor principal: | |
|---|---|
| Formato: | Libro |
| Publicado: |
H.
Đại học sư phạm
2003
|
| Materias: | |
| Etiquetas: |
Agregar Etiqueta
Sin Etiquetas, Sea el primero en etiquetar este registro!
|
| Thư viện lưu trữ: | Trung tâm Học liệu Lê Vũ Hùng, Trường Đại học Đồng Tháp |
|---|
| LEADER | 01578pam a22002418a 4500 | ||
|---|---|---|---|
| 001 | 00022613 | ||
| 005 | 20171026081022.0 | ||
| 008 | 110601s2003 ||||||Viesd | ||
| 041 | 0 | # | |a Vie |
| 082 | 1 | 4 | |a 796.330 71 |b GI108TR |
| 100 | 0 | # | |a Đặng Ngọc Quang |
| 245 | 0 | 0 | |a Giáo trình đá cầu |b Giáo trình dùng cho sinh viên cao đẳng sư phạm chuyên ngành Giáo dục thể chất |c Đặng Ngọc Quang |
| 260 | # | # | |a H. |b Đại học sư phạm |c 2003 |
| 300 | # | # | |a 139 tr. |c 24 cm. |
| 500 | # | # | |a Bộ giáo dục và đào tạo - Dự án đào tạo giáo viên trung học cơ sở |
| 650 | # | 4 | |a Đá cầu |
| 653 | # | # | |a Giáo trình |
| 852 | # | # | |b Kho giáo trình |j KGT.0016107, KGT.0016108, KGT.0016109, KGT.0016110, KGT.0016111, KGT.0016112, KGT.0016113, KGT.0016114, KGT.0016115, KGT.0016116, KGT.0016117, KGT.0016118, KGT.0016119, KGT.0016120, KGT.0016121, KGT.0016122, KGT.0016123, KGT.0016124, KGT.0016125, KGT.0016126, KGT.0016127, KGT.0016128, KGT.0016129 |
| 852 | # | # | |b Kho mượn |j KGT.0016107, KGT.0052588 |
| 852 | # | # | |b Kho đọc |j KD.0009559 |
| 852 | # | # | |j KGT.0016108 |j KGT.0016109 |j KGT.0016111 |j KGT.0016112 |j KGT.0016114 |j KGT.0016116 |j KGT.0016117 |j KGT.0016119 |j KGT.0016120 |j KGT.0016122 |j KGT.0016123 |j KGT.0016125 |j KGT.0016126 |j KGT.0016128 |j KGT.0016129 |j KGT.0052588 |j KD.0009559 |j KGT.0016107 |j KGT.0016110 |j KGT.0016113 |j KGT.0016115 |j KGT.0016118 |j KGT.0016121 |j KGT.0016124 |j KGT.0016127 |
| 910 | 0 | # | |a Hoa Lê |d 01/06/2011 |
| 980 | # | # | |a Trung tâm Học liệu Lê Vũ Hùng, Trường Đại học Đồng Tháp |